1368 1608 1203 1559 1223 1355 1850 1229 1252 1944 1769 1724 1643 1543 1605 1521 1988 1313 1093 1182 1768 1993 1396 1692 1423 1465 1217 1806 1868 2000 1457 1446 1651 1635 1630 1061 1355 1014 1275 1399 1342 1890 1053 1419 1044 1393 1940 1946 1599 1334 1398 1626 1450 1505 1347 1422 1769 1248 1007 1742 1085 1554 1976 1616 1081 1803 1346 1233 1069 1521 1643 1106 1255 1233 1020 1316 1110 1132 1371 1660 1698 1932 1892 1841 1904 1378 1305 1958 1839 1824 1166 1967 1010 1363 1846 1834 1485 1589 1930 BCNSPRNW ULIB Ver.6.0+V

เปลี่ยนเป็นภาษาไทย

Change to English
 แสดงรายละเอียดบรรณานุกรม
  กลับหน้าหลัก

Brief Record : Get Marc (ISO 2709) : E-mail record : QR code < ปิดหน้าต่าง
LEADER : 00000nam 2200000uu 4500
001    13399127695
003     ULIB
008    210420s2563||||th 000 0 tha d
020    ^a9786161145064
060    ^aWA100^bอ819ป
100    ^aอุทัย สุดสุข
245    ^aปรัชญาสุขภาพและการสาธารณสุขประยุกต์
250    ^aพิมพ์ครั้งที่ 1
260    ^aนนทบุรี :^bสำนักบริหารยุทธศาสตร์สุขภาพดีวิถีชีวิตไทย,^c2563
300    ^a453 หน้า;^b29 ซม.
650    ^aปรัชญาสุขภาพ - การประยุกต์
945    ^p0^l0^i008020
999    ^aประนอม เกษจรัล
รายการนี้ยังไม่มีแท็ก
คุณยังไม่ได้ล็อกอิน คุณสามารถมีกิจกรรมร่วมกับเว็บไซต์ได้ แต่ต้องล็อกอินก่อน ::
  ล็อกอิน

รายการสื่อสารสนเทศ

ลำดับที่ ประเภท เลขเรียก/บาร์โค้ด สถานที่ สถานะ
1. วิทยาศาสตร์การแพทย์ และสุขภาพ
วิทยาศาสตร์การแพทย์ และสุขภาพ
WA100 อ819ป ฉ.1 
  Barcode: 008020
ห้องสมุดวิทยาเขตสวรรค์ประชารักษ์
►หนังสือทั่วไป
บนชั้น

BibComment


ยังไม่เคยถูกคอมเมนท์

คอมเมนท์ทรัพยากรรายการนี้
  คอมเมนท์: ปรัชญาสุขภาพและก..


 Copyright 2026. Bcnsprnw @Library